| 000 | 00675nam a22001937a 4500 | ||
|---|---|---|---|
| 005 | 20140923150456.0 | ||
| 010 | _aENG-110885 | ||
| 020 |
_a9789351432098 _c325.00 |
||
| 035 | _aEN-94417 | ||
| 037 | _bDBAD/PUB | ||
| 082 | _a343.055 | ||
| 100 | _aDubey, Arvind | ||
| 245 |
_aA student's guide indirect tax laws : _cby Arvind Dubey [and] Mahesh Gour _bexcise, customs, CST, service tax and value added tax (VAT) / |
||
| 260 |
_aGurgaon _bLexis Nexis _c2014 |
||
| 270 |
_a14th Floor, Building No.10, Tower-B, DLF Cyber City, Phase-II _bGurgaon _e122002 |
||
| 300 |
_avi,357p. : _c28cm(pbk) _bill. |
||
| 700 | _aGour, Mahesh | ||
| 942 |
_2ddc _cEN _mDUB _h343.055 |
||
| 999 |
_c88723 _d88723 |
||